| 000 | 00930nam a2200265 i 4500 | ||
|---|---|---|---|
| 001 | bg | ||
| 100 | 1 | _aWańkowicz, Kazimierz. | |
| 245 | 1 | 0 |
_aZadania z termodynamiki procesowej / _cKazimierz Wańkowicz. |
| 250 | _a[Wyd.2]. | ||
| 260 |
_aŁódź : _bWydaw. PŁ, _c1991. |
||
| 300 |
_a312 s., [3] k.tabl. luź. : _bwykr. ; _c21 cm. |
||
| 490 | 1 | _aSkrypty dla Szkół Wyższych / Politechnika Łódzka | |
| 504 | _aBibliogr. s. 311-312. | ||
| 521 | _aSkrypt dla studentów Wydz. Inżynierii Chemicznej, Wydz. Chemicznego i Wydz. Chemii Spożywczej. | ||
| 650 | 9 | _aTermodynamika chemiczna | |
| 650 | 9 | _aTermodynamika techniczna | |
| 655 | _aPodręczniki akademickie | ||
| 655 | _aĆwiczenia i zadania | ||
| 830 | 0 | _aSkrypty dla Szkół Wyższych (Politechnika Łódzka) | |
| 040 | _cBPK | ||
| 041 | 0 | _apl | |
| 080 | _a536.7:541.11:621.1.01](075.8)(076) | ||
| 942 | _cKS | ||
| 008 | s pl f |000 0 pol | ||
| 999 |
_c24528 _d24528 |
||
| 856 |
_uhttp://koha.tu.koszalin.pl/cgi-bin/koha/opac-detail.pl?biblionumber=24528 _yKatalog online BPK |
||